Resiliencia en programas de desarrollo infantil temprano: estudio de revisión en cuatro programas de América Latina

-д хадгалсан:
Номзүйн дэлгэрэнгүй
Формат: Ном
Хэл сонгох:испани
Хэвлэсэн: La Haya Bernard van Leer Foundation 2002
Цуврал:Desarrollo Infantil Temprano: Prácticas y Reflexiones, 18
Нөхцлүүд:
Шошгууд: Шошго нэмэх
Шошго байхгүй, Энэхүү баримтыг шошголох эхний хүн болох!

MARC

LEADER 00000nam a2200000 a 4500
001 UCM6378
003 CL-VaPUC
008 021108e20020000NE |||||||||||||||||spa|d
082 0 4 |a 362.7  |b RES  |2 21 
245 1 0 |a Resiliencia en programas de desarrollo infantil temprano: estudio de revisión en cuatro programas de América Latina 
300 |a 129 p 
942 |c BK 
945 |d 20021108 00:00:00  |a cmena 
260 |a La Haya  |b Bernard van Leer Foundation  |c 2002 
650 0 |a Problemas sociales  |9 258537 
650 0 |a Niños  |9 255605 
650 7 |a PROYECTOS SOCIALES  |2 CL-VaPUC  |9 361906 
650 0 |a Trabajo social   |9 307856 
650 0 |a Integración social  |9 319662 
650 0 |a Igualdad de oportunidades  |9 331873 
583 |a last modification  |c 20021108 00:00:00  |k Rodrigo Vera 
490 0 |a Desarrollo Infantil Temprano: Prácticas y Reflexiones, 18 
999 |c 301788  |d 301786 
952 |0 0  |1 0  |4 0  |6 362_700000000000000_RES_2002  |7 0  |8 A  |9 361433  |a BIBEDU  |b BIBEDU  |d 2019-11-21  |i 3840093  |o 362.7 RES 2002  |p 3840093  |r 2019-11-21  |w 2019-11-21  |y BK  |k EPE